000 00317nam a2200097Ia 4500
005 20250424112818.0
008 250424s9999 xx 000 0 und d
300 _a127 p. :ill. ; 29 cm.
650 _aGynecology--Periodicals. Women--Health and hygiene--Africa--Periodicals. Gynecology--Africa--Periodicals.
942 _cSR
999 _c37268
_d37268